Statistics for Guess the Grey's Anatomy Character

Click here to take the quiz!

General Stats

  • This quiz has been taken 302 times
  • The average score is 26 of 63

Answer Stats

HintAnswer% Correct
Daughter of famous female surgeon, attended Dartmouth College, Current Chief of Grey Sloan MermorialMeredith Grey
100%
Nickname 'Lexipedia', had a photographic memory, went to Harvard Medical SchoolLexie Grey
88%
First Female Chief of the Hospital, had a Heart Attack, husband is a FirefighterMiranda Bailey
85%
Nickname 'Evil Spawn', Ohio State Wrestler, Pediatric SurgeonAlex Karev
84%
Cardio Surgeon, Went to Stanford, Liked to Dance it OutCristina Yang
84%
Got hit by a bus, Dad died to Cancer, Failed his first appendectomyGeorge O Malley
84%
McSteamy, Plastic Surgeon, Was chief for a day, Infamous Speech made about themMark Sloan
83%
Had Cancer, had a daughter at 16, cut a patients LVAD WireIzzie Stevens
82%
Had an affair, practices General Surgery and used to be Chief, Got ElectrocutedRichard Webber
82%
Named after a Battleship, Lesbian, Pediatric and Fetal SurgeonArizona Robbins
79%
Trauma Surgeon, Has two children, Married three times, one of the most hated charactersOwen Hunt
79%
Two-time Harper Avery Winner, Legendary General Surgeon, Carousels never stop turningEllis Grey
76%
Got Shot in Season 2, Had a Hand Tremor, Left a Character at the AltarPreston Burke
75%
Famous Medical Family, Ran out of Wedding with above, Plastics Posse ProtegeJackson Avery
72%
Lived on a Pig Farm, Trauma Surgeon, Ran out of her own weddingApril Kepner
71%
Had a Spin off Show, Ruler of all Evil, Pink Scrub LegendAddison Montgomery
70%
Nearly died in a car crash, Has a Child, Bisexual, Best in the Musical EpisodeCalliope Torres
61%
Head of Foundation, Married to Fellow Doctor, Urologist and Has a Spinal TumorCatherine Avery
57%
High Pitch Voice, Advocate for Nurses, Dies of Alzheimer's/Heart ProblemsAdele Webber
56%
Youngest Head of Cardio Surgery, Product of an Affair, One of the three sistersMaggie Pierce
54%
Heart Patient, left 8 million inheritance, had a clinic named after themDenny Duquette
52%
Held Hostage, presumed dead, Has an Adopted ChildMegan Hunt
52%
An Anesthesiologist, Turned Doctor, Turned FirefighterBen Warren
51%
Cardio Surgeon, Ruthless Personality, Second in their ClassErica Hahn
50%
Surgical Intern, Had Manic Episodes, Got Stabbed, Dated Main CharcaterAndrew Deluca
49%
Neurosurgeon, Loves Ferryboats, Lived in New York prior to SeattleDerek Sheperd
49%
Abusive Marriage, General Surgeon/OB, Got left through a letterJosephine Wilson
47%
Father of two doctors, Alcoholism, Daughter gave him a part of her liverThatcher Grey
44%
Major in the Army, Bisexual, Married a Patient for Insurance, Lived in GermanyTheodora Altman
44%
Brother of former Doctor, Bisexual, OB, Married to a firefigtherCarina Deluca
41%
Was in the army, Cardio Surgeon, Left to Start a life with belowNathan Riggs
40%
Surgical Intern, Left for Switzerland, Good at Table TennisShane Ross
40%
Dated a Paitent, Saved a Girl in a Fire, Sick as a ChildStephanie Edwards
37%
Died in Shooting episode, was secretly in love with doctor belowCharles Percy
33%
Surgical Intern, Filed an HR Complaint, Slept with another doctorLeah Murphy
32%
Nickname 'Mousey', Great Reflexes, Surgical InternHeather Brooks
31%
Chief Resident, Glasses Fell into a Body Cavity, GayLevi Schmitt
30%
Orthopedic Surgeon, Used to work for a baseball team, Multiple Failed ProposalsAtticus Lincoln
29%
Medical Patient, married a Doctor, Didn't have insuranceHenry Burton
29%
First to die in shooting episode, Mercy West internReed Adamson
28%
Had issues with Drugs, Had a brain Tumor, Had a baby with no brainAmelia Shepard
24%
Is now Blind, Fetal Surgeon, Lives in New YorkNicole Herman
22%
Was in Love with Main Female Charcater, Currently works as a Bartender,Tarin Helm
21%
Neuro Surgeon, Chief of Chiefs, Egotistical, Moved to BostonTom Koracick
21%
Orthopedic Surgeon, Dated fellow doctor, Shacked up in an AmbulanceNico Kim
20%
Wife Died of Cancer, Two Children, Worked in SwitzerlandCormac Hayes
19%
Nephew of Multiple Doctors, Made Mistake first Shift, New Surgical InternLucas Adams
17%
Dated Neurosurgeon, was a Nurse, accidentally cut a Doctors Hand - McReboundNurse Rose
16%
Transplant Surgon, Current Love Interest of Main CharacterNick Marsh
15%
Worked at Dillard, Couldn't order a Head CT, worked as a Surgical Intern at Grey SloanPenny Blake
13%
Cardio Surgeon, Married to a Doctor, Was Racially profiledWinston Ndugu
13%
Dated Female Surgeon, Hated by Surgeons, Left out of Nowhere, Tried to Revamp Surgical ProgramEliza Minnick
12%
Nearly got Deported for running a red light, Surgical Intern, Went to SwitzerlandSam Bello
12%
Pediatric Surgeon, Got Body Blocked by fellow Surgeon, AnnoyingRobert Stark
11%
OB, Dated one of the Original Interns, Featured in Musical EpisodeLucy Fields
9%
Had a injured face after Boat Accident, Was Pregnant, Dated Orginal InternRebecca Pope
8%
New Surgical Intern, Cocky, Valedictorian, had relations with other InternBenson Kwan
6%
Syph Nurse, Slept with Two Interns, Got fired during the MergerOlivia Harper
6%
Has eight siblings, New Surgical Intern, Lives in a Van, Scrappy and ConfidentMika Yasuda
5%
Mother died at Hospital in Childbirth, New Surgical Intern, Grandmother has Alzheimer'sSimone Griffith
5%
Slept with an Attending before her first day, New Surgical Intern, Had drug addicted parentsJules Millin
3%
Find him at the Bar, Went Camping and his Boyfriend got InjuredJoe the Bartender
2%
Bubbly Personality, Resident in Earlier Seasons, Interns hated herSydney Herrin
1%

Score Distribution

Percentile by Number Answered

Percent of People with Each Score

Your Score History

You have not taken this quiz